Direito administrativo empresarial / (Record no. 568)

MARC details
000 -LÍDER
Campo Fixo de Controle 00936nam a2200241 a 4500
001 - NÚMERO DE CONTROLE
Campo de Controle 568
003 - IDENTIFICAÇÃO DO NÚMERO DE CONTROLE
Campo de Controle BR-CuiBMT
005 - DATA E HORA DA ÚLTIMA ATUALIZAÇÃO
Campo de Controle 20231109194631.0
008 - DADOS FIXOS
Dados Fixos 231109s2006 rjb 000 0 por d
020 ## - INTERNATIONAL STANDARD BOOK NUMBER
Nº do ISBN 8573877936
040 ## - AGÊNCIA CATALOGADORA
Código da Agência Catalogadora BR-CuiBMT
Agência que transcreveu o registro BR-CuiBMT
080 ## - Nº DA CLASSIFICAÇÃO DECIMAL UNIVERSAL
Nº edição CDU 2007
Nº Class. CDU 342.95
090 ## - NÚMERO DE CHAMADA
Nº classificação 342.95
Cutter D598
245 1# - TÍTULO PRINCIPAL
Título principal Direito administrativo empresarial /
Indicação de responsabilidade Marcos Juruena Villela Souto, coordenador geral ; Simone de Almeida Carrasqueira, coordenação executiva ... [et al.]. ; autores Aline Paola C.B. Camara de Almeida ... [et al.].
260 ## - PUBLICAÇÃO, DISTRIBUIÇÃO, ETC.
Local de publicação Rio de Janeiro :
Editora Lumen juris,
Data 2006.
300 ## - DESCRIÇÃO FÍSICA
N. páginas ou volumes 419 p.:
Dimensões 23 cm
650 ## - ASSUNTO TÓPICO
Cabeçalho tópico ou nome geográfico Direito administrativo
650 ## - ASSUNTO TÓPICO
Cabeçalho tópico ou nome geográfico Direito internacional
700 ## - ENTRADA SECUNDÁRIA -- NOME PESSOAL
Cód. do termo explicativo coord. geral
Nome pessoal Souto, Marcos Juruena Villela,
Datas associadas ao nome 1963-2010.
700 ## - ENTRADA SECUNDÁRIA -- NOME PESSOAL
Cód. do termo explicativo coord. executiva
Nome pessoal Carrasqueira, Simone de Almeida
Termo de relação ... [et al.].
700 ## - ENTRADA SECUNDÁRIA -- NOME PESSOAL
Nome pessoal Almeida, Aline Paola C.B. Camara de
Termo de relação ... [et al.].
942 ## - ELEMENTOS DE ENTRADA ADICIONAIS (KOHA)
Fonte de classificação ou esquema de arquivamento Classificação Decimal Universal
Tipo de item do Koha Livros
Holdings
Estado: removido Estado: perdido Fonte de classificação ou esquema de arquivamento Estado: danificado Indisponível para empréstimo Localização permanente Localização atual Data de aquisição Total Checkouts Número de Chamada completo Código de barras Date last seen Número do exemplar Preço efetivo a partir de Tipo de item (Koha)
    Classificação Decimal Universal     Biblioteca da Escola Superior de Contas do TCE/MT Biblioteca da Escola Superior de Contas do TCE/MT 02/04/2013   342.95 D598 BIBTCEMT23110372 09/11/2023 Ex. 1 09/11/2023 Livros

Powered by Koha